Sostenibilidad del Páramo de Guerrero : (Registro nro. 19388)

Detalles MARC
000 -CABECERA
Campo de control 00834nam a22002297a 4500
005 - FECHA Y HORA DE LA ULTIMA TRANSACCION
Campo de control 20180613093727.0
008 - ELEMENTOS DE LONGITUD FIJA—INFORMACION GENERAL
Campo de control 170304b2016 ck ||||| |||| 00| 0 spa d
020 ## - ISBN
ISBN 9789587758627
040 ## - FUENTE DE CATALOGACIÓN
Agencia catalogadora original CO-BoIAVH
Agencia transcriptora CO-BoIAVH
041 ## - IDIOMA
Código de idioma para texto/pista de sonido o título separado Español
044 ## - PAÍS DE PUBLICACIÓN
País de publicación Colombia
082 1# - NUMERO DE CLASIFICACION DECIMAL DEWEY
Número de clasificación 333.79416
Número del ítem B93s
100 1# - ASIENTO PRINCIPAL--NOMBRE PERSONAL
Nombre personal Buitrago Soto, Camilo Ernesto
Fechas asociadas con el nombre 1981-
Término relacionado autor
9 (RLIN) 91553
245 10 - MENCION DE TITULO
Título Sostenibilidad del Páramo de Guerrero :
Parte restante del título una aproximación desde la emergía
250 ## - MENCION DE EDICION
Mención de edición Primera edición
260 ## - PUBLICACION, DISTRIBUCION, ETC. (PIE DE IMPRENTA)
Lugar de publicación, distribución, etc. Bogotá:
Nombre del editor, distribuidor, etc. Universidad Nacional de Colombia. Idea,
Fecha de publicación, distribución, etc. 2016.
300 ## - DESCRIPCION FISICA
Extensión 180 páginas :
Otros detalles físicos ilustraciones (algunas a color), diagramas, mapas ;
Dimensiones 24 x 16 cm.
490 0# - MENCION DE SERIE
Mención de serie Ideas ;
Designación numérica/secuencial del volumen 29
650 #0 - ASIENTO SECUNDARIO DE MATERIA - TERMINO TEMATICO
Término temático o nombre geográfico como elemento de entrada Ecología de páramos
Subdivisión geográfica Colombia
9 (RLIN) 91554
651 ## - ASIENTO SECUNDARIO DE MATERIA - NOMBRE GEOGRAFICO
Nombre geográfico Colombia
Subdivisión geográfica Páramo de Guerrero (Cundinamarca, Colombia)
9 (RLIN) 91555
942 ## - ELEMENTOS ADICIONALES (KOHA)
Sistema de clasificación Dewey Decimal Classification
Tipo de ítem Libro
Existencias
Withdrawn status Lost status Sistema de Clasificación Damaged status No para préstamo Colección Inventariado Ubicación Permanente Ubicación actual Fecha de adquisición Fuente de Valor Valor Total Checkouts Número topográfico Inventario / Código de Barras Date last seen Date checked out Ejemplar Price effective from Forma de adquisición Tipo de material
    Dewey Decimal Classification     General Inventariado 2017 Bogotá Bogotá 04/03/2017 Instituto 39000.00 1 LB-333.79416 B93s 041068 21/09/2018 21/09/2018 Ej. 1 04/03/2017 Canje Libro